Basic helicopter handbook (Record no. 578190)
[ view plain ]
| 000 -LEADER | |
|---|---|
| fixed length control field | 00533nam a22001697a 4500 |
| 003 - CONTROL NUMBER IDENTIFIER | |
| control field | CEME |
| 005 - DATE AND TIME OF LATEST TRANSACTION | |
| control field | 20210628204719.0 |
| 008 - FIXED-LENGTH DATA ELEMENTS--GENERAL INFORMATION | |
| fixed length control field | 210222b xxu||||| |||| 00| 0 eng d |
| 040 ## - CATALOGING SOURCE | |
| Transcribing agency | . |
| 082 ## - DEWEY DECIMAL CLASSIFICATION NUMBER | |
| Classification number | 629.133352 BAS'J |
| 100 ## - MAIN ENTRY--PERSONAL NAME | |
| Personal name | Us Aviation Adminstration |
| 9 (RLIN) | 71923 |
| 245 ## - TITLE STATEMENT | |
| Title | Basic helicopter handbook |
| 260 ## - PUBLICATION, DISTRIBUTION, ETC. | |
| Place of publication, distribution, etc. | USA |
| Name of publisher, distributor, etc. | US DEPT OF TRANSPORTATION |
| Date of publication, distribution, etc. | 1996 |
| 300 ## - PHYSICAL DESCRIPTION | |
| Extent | VII, 111P |
| 650 ## - SUBJECT ADDED ENTRY--TOPICAL TERM | |
| Topical term or geographic name entry element | HELICOPTER FLIGHT HAZARDS HELICOPTER PERFORMANCE HELICOPTER WEIGHT AND BALANCE HELICOPTER COMPONENTS ACC NO- |
| 9 (RLIN) | 71924 |
| 942 ## - ADDED ENTRY ELEMENTS (KOHA) | |
| Koha item type | Book |
| Source of classification or shelving scheme | |
| Withdrawn status | Lost status | Damaged status | Not for loan | Permanent Location | Current Location | Shelving location | Date acquired | Total Checkouts | Full call number | Barcode | Date last seen | Price effective from | Koha item type |
|---|---|---|---|---|---|---|---|---|---|---|---|---|---|
| College of Electrical & Mechanical Engineering (CEME) | College of Electrical & Mechanical Engineering (CEME) | Reference | 04/18/2017 | 629.133352 BAS'J | CEME-30146 | 06/28/2021 | 06/28/2021 | Book |
